000 00773nam a22002657a 4500
001 000648
003 DO-SdBNP
005 20180209090033.0
007 000648
008 161107b 1990 sp a ||||| |||| 00| 0 spa d
020 _a8426319203
040 _aBPMSU
_bspa
_cBPMSU
100 1 _aCabal, Ulises
245 1 0 _aEl misterio de la ratonera asesina /
_cUlises Cabal ; ilustrado por Alfonso Sánchez Pardo.
250 _a
260 _aZaragoza :
_bEdelvives,
_c1990.
300 _a153 p. :
_bil. ;
_c18 cm.
490 1 _aAla delta
_v113
500 _aApartir de los 11 años
700 1 2 _aSánchez Pardo, Alfonso,
_eil.
830 0 _aAla delta ;
_v113
942 _2ddc
_cBK
945 _aInventariado, 2018 /LP
956 _aLOPEREZ
_b10
_c20161107
_hBPMSU
999 _c11821
_d11821